Macedonian Cities by their Albanian Names - Statistics

General Stats
  • This quiz has been taken 37 times
  • The average score is 12 of 15
Answer Stats
Albanian city name Macedonian city name % Correct
Shkupi Skopje
100%
Ohri Ohrid
97%
Tetova Tetovo
97%
Përlepi Prilep
94%
Manastiri Bitola
82%
Kërçova Kičevo
79%
Krushevë Kruševo
79%
Dibra Debar
76%
Dellçeva Delčevo
76%
Kavadari Kavadarci
76%
Radovishti Radoviš
73%
Resnja Resen
70%
Probishtipi Probištip
67%
Brodi Makedonski Brod
64%
Qyprilliu Veles
36%
No matching quizzes found
Score Distribution
Percent of People with Each Score
Percentile by Number Answered
Your Score History
You have not taken this quiz